00479nam a22001577a 450000500170000000800410001702000150005804100120007308200150008510000280010024500700012825000200019826000470021830000310026565000250029620231109102452.0231109b |||||||| |||| 00| 0 eng d a0702109770 aEnglish a346.2 FAR  aHathaway, EW lEnglish  aA Case Book On the South African Law of Contract / cEW Hathaway  aSecond Edition  aCape Town : bJuta and Company Ltd, c1979 bxxi, 423 pages ; c26 cm.  aLegal practice bLaw